000 00273nam a22001337a 4500
008 171228b xxu||||| |||| 00| 0 eng d
020 _a1563636727
041 _aeng
080 _a610
100 _a4
101 _aSHM
245 _aNeofax
_cYoung, TH.E
942 _2udc
_cBK
999 _c39529
_d39529